Cognitive Computing and Big Data Analytics

Saved in:
Bibliographic Details
Main Author: Hurwitz, Judith S.
Other Authors: Kaufman, Marcia, Bowles, Adrian
Format: Book
Language:English
Published: Indianapolis WILEY 2015
Subjects:
Tags: Add Tag
No Tags, Be the first to tag this record!

MARC

LEADER 00000nam a2200000 4500
001 0267131
005 20240313132802.9
020 |a 978-1-118-89662-4 
020 |a 978-1-118-89678-5 
020 |a 978-1-118-89663-1 
041 0 |a eng 
044 |a US 
245 1 0 |a Cognitive Computing and Big Data Analytics  |c Judith S. Hurwitz, Marcia Kaufman, Adrian Bowles 
264 1 |a Indianapolis  |b WILEY  |c 2015 
300 |a 266 s. 
610 2 0 |a technológie nové 
610 2 0 |a využitie počítačov 
610 2 0 |a zber dát 
610 2 0 |a analýza dát 
610 2 0 |a systémy počítačové 
100 1 |a Hurwitz, Judith S. 
700 1 |a Kaufman, Marcia 
700 1 |a Bowles, Adrian